O pár dní začnú búrať panelák na Luniku IX ťažké búracie stroje bude strážiť SBS-ka

Bibliographic Details
Format: Article
Language:Slovak
PhysicalDescription:Fotogr.
ISSN:1335-4566
Subjects:

MARC

LEADER 00000nab a2200000 a 4500
001 vtls009334868
003 SK-MaSNL
005 20260303055941.0
008 080917c20080917xo drz 0 0slo
038 |a KEVKJB 
040 |a KEVKJB  |b slo  |c KEVKJB  |e AACR2 
041 0 |a slo 
044 |a xo  |c SK 
080 |a 323.1(=214.58)  |2 2001 
245 0 0 |a O pár dní začnú búrať panelák na Luniku IX  |b ťažké búracie stroje bude strážiť SBS-ka  |c [autor] (krs) 
300 |b Fotogr. 
650 0 7 |a demolácia stavieb  |2 kevkjb  |9 74821 
651 7 |a Košice (Slovensko)  |2 kevkjb  |9 18694 
651 7 |a Luník IX (Košice II, Slovensko)  |2 kevkjb  |9 29376 
651 7 |a Hrebendova ulica (Košice, Slovensko)  |2 kevkjb  |9 1032708 
655 7 |a romiká  |2 kevkjb  |9 310820 
773 0 |t Košický Korzár  |g Roč. XI, č. 215 (17.9.2008), s. 2  |x 1335-4566 
852 |a KEVKJB  |b KIS3GCP 
958 |a RQ 
999 |c 1729499  |d 1731429